000
00304nam a2200133Ia 4500
008
191201s2012 xx 000 0 und d
100
_a
UPADHYAY, AK
245
0
_a
Applied Mechanics
250
_a
Rep
260
_a
N. Delhi
_b
S.K.Kataria
_c
2012
300
_a
416
650
_a
B.Tech(CE)
942
_2
ddc
_c
BK
999
_c
5418
_d
5418